Tayc-No - Statistiques

Statistiques générales
  • Ce quiz a été pris 80 fois
    79 depuis la dernière actualisation
  • Le résultat moyen est 143 sur 187
Statistiques - réponses
Réponse % Correct
no
97%
le
92%
89%
en
89%
je
89%
mais
89%
oh
89%
à
86%
assez
86%
dit
86%
j'ai
86%
j'aurais
86%
maintenant
86%
nom
86%
oui
86%
que
86%
ton
86%
dire
84%
femme
84%
maudit
84%
pire
84%
sali
84%
veux
84%
avant
81%
de
81%
est
81%
et
81%
l'ai
81%
lié
81%
mari
81%
mieux
81%
moi
81%
non
81%
nous
81%
qu'on
81%
soit
81%
j'suis
78%
on
78%
pensant
78%
serait
78%
au
76%
bénis
76%
bout
76%
croyais
76%
d'la
76%
suis
76%
arrivé
73%
sûrement
73%
années
70%
arrière
70%
marié
70%
pleuré
70%
revenir
70%
voulais
70%
coeur
68%
si
68%
trois
68%
m'aider
65%
noir
65%
prié
65%
qu'ce
65%
seigneur
65%
t'aider
65%
t'aimer
65%
changer
62%
mauvais
62%
pour
62%
toi
62%
étranger
59%
qu'un
59%
fond
54%
n'étais
54%
pu
54%
comprendre
51%
enfin
51%
préféré
51%
Taykee
51%
voir
51%
ouais
43%
ooh
35%
Aucun quiz correspondant
Distribution des résultats
% des personnes avec chaque résultat
Percentile par nombre de réponses
Votre historique - résultats
Vous n’avez pas pris ce quiz depuis la dernière actualisation